000 00924nam0a22002651 4500
001 rc\4262604
005 20260406043004.0
021 _aRU
_bРг1270-60
035 _a(NLR Aleph) 008238252
090 _a8260709
_c8260709
100 _a20130416d1959 |||y0rusy50 ca
101 0 _arus
102 _aRU
105 _ay z |||||
200 1 _aУчет взаимозаменяемости при решении транспортной задачи методами линейного программирования
210 _aМосква
_cПроизвод.-изд. комбинат ВИНИТИ
_d1959
215 _a8 с.
_d29
300 _aЛитогр.
700 1 _4070
_8rus
_7ca
_aБирман
_bИ. Я.
_f1928-2011
_gИгорь Яковлевич
_3RU\NLR\AUTH\773121
_9113127
801 0 _aRU
_bNLR
_gpsbo
801 1 _aRU
_bELAR
_2rusmarc
852 _aNLR
_j60-8/314
942 _cBOOK
980 _aNB